Methods of mathematical physics II : A set of lecture notes / (Record no. 16614)

MARC details
000 -LEADER
fixed length control field 00465nam a2200181 4500
005 - DATE AND TIME OF LATEST TRANSACTION
control field 20201127152616.0
006 - FIXED-LENGTH DATA ELEMENTS--ADDITIONAL MATERIAL CHARACTERISTICS--GENERAL INFORMATION
fixed length control field 000
007 - PHYSICAL DESCRIPTION FIXED FIELD--GENERAL INFORMATION
fixed length control field 000
008 - FIXED-LENGTH DATA ELEMENTS--GENERAL INFORMATION
fixed length control field 000
040 ## - CATALOGING SOURCE
Original cataloging agency UOEL
050 ## - LIBRARY OF CONGRESS CALL NUMBER
Classification number QC20
Item number .S76 2003
100 ## - MAIN ENTRY--PERSONAL NAME
Personal name Stone, Michael
245 ## - TITLE STATEMENT
Title Methods of mathematical physics II : A set of lecture notes /
Statement of responsibility, etc Michael Stone
260 ## - PUBLICATION, DISTRIBUTION, ETC. (IMPRINT)
Place of publication, distribution, etc Alexandria :
Name of publisher, distributor, etc Pimander-Casaubon,
Date of publication, distribution, etc c2003.
300 ## - PHYSICAL DESCRIPTION
Extent viii, 252 p. :
Other physical details ill.
650 ## - SUBJECT ADDED ENTRY--TOPICAL TERM
Source of heading or term Mathematical physics
942 ## - ADDED ENTRY ELEMENTS (KOHA)
Source of classification or shelving scheme Library of Congress Classification
Item type Short Loan for 1 day
Holdings
Withdrawn status Lost status Source of classification or shelving scheme Damaged status Not for loan Home library Current library Shelving location Date acquired Total Checkouts Full call number Barcode Date last seen Copy number Price effective from Koha item type
    Library of Congress Classification     UOE Main Library UOE Main Library Short Loan Area 22/11/2018   QC20 .S76 2003 (Photocopy) 20153207 27/04/2026 20153207 22/11/2018 Short Loan for 1 day